Obras completas : tomo 1 /

La presente edición tiene como objetivo rescatar aquellos textos no reedi no reeditados para ofrecer una visión más completa, tanto de la obra de María Luisa Bombal como de su trayectoria como Escritora. Sus crónicas poéticas, su entrevista a Seherwood Anderson y otros textos aquí publicados proporc...

Full description

Bibliographic Details
Main Author: Bombal, Maria Luisa 1910-1980
Other Authors: Guerra, Lucía (comp.)
Format: Libro
Language:Spanish
Published: Santiago, Chile Zig-Zag 2010
Edition:5a. ed.
Series:Viento joven
Subjects:
Online Access:

MARC

LEADER 00000cam a2200000 a 4500
001 028282
003 UAHC_CL
005 20170803122921.0
008 100709s2010 cl 000 1 spa
020 |a 9561217465 
040 |a UAHC_CL  |c UAHC_CL  |d UAHC_CL 
082 0 4 |a Ch863  |b B695  |2 20 
100 1 |a Bombal, Maria Luisa  |d 1910-1980 
245 1 0 |a Obras completas :  |b tomo 1 /  |c María Luisa Bombal ; compiladora Lucía Guerra. 
250 |a 5a. ed. 
260 |b Zig-Zag  |a Santiago, Chile  |c 2010 
300 |a 261 p. 
490 0 |a Viento joven 
505 0 |a La última niebla -- La historia de María Griselda -- Las islas nuevas -- Trenzas -- Lo secreto. 
520 |a La presente edición tiene como objetivo rescatar aquellos textos no reedi no reeditados para ofrecer una visión más completa, tanto de la obra de María Luisa Bombal como de su trayectoria como Escritora. Sus crónicas poéticas, su entrevista a Seherwood Anderson y otros textos aquí publicados proporcionan datos valiosos al respecto. 
650 4 |a CUENTOS CHILENOS 
650 4 |a NOVELAS CHILENAS 
653 |a PEDAGOGIA EN LENGUA CASTELLANA Y COMUNICACION 
700 1 |a Guerra, Lucía  |e comp. 
900 |a Ch863 BOMO 
942 |c BK 
952 |0 0  |1 0  |4 0  |6 CH_863_000000000000000_BOMO  |7 0  |8 General  |9 56046  |a BR  |b BR  |c General  |d 2017-08-03  |l 1  |m 3  |o Ch863 BOMO  |p 1379828  |r 2026-01-13 00:00:00  |s 2023-03-28  |t 1  |w 2017-08-03  |x TEXTO CON PAGINAS SUELTAS 28/03/2023 OCF  |y BK 
999 |c 28282  |d 28282